| 000 | 00000nam##2200000za#4500 |
| 001 | 9.632484 |
| 003 | CaOODSP |
| 005 | 20210624214833 |
| 007 | cr ||||||||||| |
| 008 | 150407|2003||||xxc|||||o f|0| 0 fre|d |
| 040 | |aCaOODSP|bfre |
| 043 | |an-cn--- |
| 086 | 1 |aYM41-4/2003F-PDF |
| 245 | 00|aMondialisation et gouvernance : |h[ressource électronique]|bcontempler le village global / |cpréparé sous la direction de Raynell Andreychuck et Marlene Jennings, avec Donald Lenihan et William Young. |
| 260 | |aOttawa - Ontario : |bBibliothèque du Parlement |c2003. |
| 300 | |a36p. |
| 500 | |a«Rapport préparé par la Bibliothèque du Parlement». |
| 590 | |a13-12-Supp|b2013-05-10 |
| 691 | 07|aChambre des communes|2gcpds |
| 691 | 07|aDéputé fédéral|2gcpds |
| 710 | 1 |aCanada. |bBibliothèque du Parlement. |
| 775 | 08|tGlobalization and governance : |w(CaOODSP)9.688043 |
| 856 | 40|ahttp://publications.gc.ca|qPDF|s577 Ko|uhttps://publications.gc.ca/collections/Collection/YM41-4-2003F.pdf |